00470nam a2200205Ia 4500008004100000020001800041050001600059100001700075245002400092245002000116260001500136260001700151260000900168300001600177300002000193300001000213300002600223440000600249500000900255170918s9999 xx 000 0 und d a9780689854187 bB433fo 2006 aBell, Hilari aForging the sword / cby Hilari Bell. aNew York : bSimon Pulse, c2006 a608 pages : billustrations ; c17cm. eThe Farsala trilogy ; a3 a1010